Top 10 most expensive gaming companies - Statistics

General Stats
  • This quiz has been taken 43 times
  • The average score is 4 of 15
Answer Stats
in billions Answer % Correct
12.0 Nintendo
77%
18.2 Sony
74%
10.3 Xbox
66%
5.5 Electronic Arts
51%
3.1 Take-Two interactive
37%
1.4 Ubisoft
37%
1.2 SEGA
31%
2.4 Square Enix
20%
3.0 Bandai Namco
17%
6.4 Activision-Blizzard
14%
1.3 Konami
14%
16.2 Tencent
6%
6.7 NetEase
3%
1.9 Net Marble
0%
2.3 Nexon
0%
No matching quizzes found
Score Distribution
Percent of People with Each Score
Percentile by Number Answered
Your Score History
You have not taken this quiz